The arbitrariness of the death penalty /

Bibliographic Details
Main Author: Nakell, Barry
Other Authors: Hardy, Kenneth A.
Format: Book
Language:English
Published: Philadelphia : Temple University Press, 1987.
Subjects:

MARC

Tag First Indicator Second Indicator Subfields
LEADER 00000cam a2200000 a 4500
001 in00000008175
005 20241007145234.8
008 860430s1987 paua bs 001 0 eng
010 |a  86005931  
020 |a 0877224439 (alk. paper) 
035 |a (OCoLC)13581878 
035 |9 AAA0535AM 
040 |a DLC  |c DLC  |d TXA  |d UtOrBLW 
043 |a n-us---  |a n-us-nc 
050 0 0 |a KF9227.C2  |b N35 1987 
082 0 |a 345.756/07732  |a 347.5605773  |2 19 
100 1 |a Nakell, Barry. 
245 1 4 |a The arbitrariness of the death penalty /  |c Barry Nakell and Kenneth A. Hardy. 
264 1 |a Philadelphia :  |b Temple University Press,  |c 1987. 
300 |a xvi, 299 pages :  |b illustrations ;  |c 24 cm. 
336 |a text  |b txt  |2 rdacontent 
337 |a unmediated  |b n  |2 rdamedia 
338 |a volume  |b nc  |2 rdacarrier 
504 |a Bibliography: pages 217-295. 
500 |a Includes index. 
650 0 |a Capital punishment  |z United States. 
650 0 |a Constitutional law  |z United States. 
650 0 |a Capital punishment  |z North Carolina  |x Decision making. 
650 0 |a Criminal statistics  |z North Carolina. 
700 1 |a Hardy, Kenneth A. 
999 |a MARS 
999 f f |s a27f89c3-ee26-34a2-95e9-415ce8253aba  |i f93f3deb-0942-304c-9be8-6d1d35462a1c  |t 0 
952 f f |p ric  |a Texas A&M University  |b Rellis Campus  |c Joint Library Facility  |d Remote Storage  |t 0  |e KF9227.C2 N35 1987  |h Library of Congress classification  |i unmediated -- volume  |m A14819859667 
998 f f |a KF9227.C2 N35 1987  |t 0  |l Remote Storage